|
|
|
|
| LEADER |
00712nam a2200181Ia 4500 |
| 001 |
158597 |
| 008 |
170722s9999 xx 000 0 und d |
| 100 |
|
|
|a Mukundan, M.
|
| 245 |
|
|
|a Haridwaril manikal muzhangunnu /
|
| 250 |
|
|
|a 9th ed.
|
| 260 |
|
|
|a Kottayam :
|b Current Books ,
|c 2008.
|
| 653 |
|
|
|a Fiction
|
| 653 |
|
|
|a Malayalam Literature
|
| 923 |
|
|
|d 20080901
|n 000115
|
| 942 |
|
|
|c GEN
|
| 999 |
|
|
|c 137257
|d 137257
|
| 952 |
|
|
|0 0
|1 0
|4 0
|6 O_323N43H_P8KRP81
|7 0
|8 KR
|9 193752
|a LIB
|b LIB
|d 2013-03-25
|e D C Books
|o O32,3N43,H P8(KR)-P8;1
|p 267827
|r 2017-08-12
|w 2017-08-12
|y GEN
|
| 952 |
|
|
|0 0
|1 0
|4 0
|6 O_323N43H_P8KRP81
|7 0
|9 193753
|a LIB
|b LIB
|d 2013-03-25
|e D C Books
|l 24
|o O32,3N43,H P8(KR)-P8;1
|p 267828
|r 2020-06-17
|s 2020-02-09
|w 2017-08-12
|y GEN
|